• 首页
  • 本馆介绍
  • 公告通知
  • 最新文献
  • 馆藏检索
  • 电子资源
  • 读者导购
  • 参考咨询
  • 我的图书馆
  • 登录
  • 详细信息显示
  • 放入我的书架
  • 预约/预借图书
  • 作者相关作品
  • 分类相关作品
  • 丛书相关作品
  • 出版社相关作品

书目信息

  • 表格格式
  • 工作单格式
  • 卡片格式
题名:
知识典
    
 
作者: 陈洪飞 主编
分册:  
出版信息: 北京   现代教育出版社  2016
页数: 349页
开本: 24cm
丛书名:
单 册:
中图分类: G633.603 , G633.83
科图分类:
主题词: 中学数学课--初中--教学参考资料 , 中学化学课--初中--教学参考资料 , 中学物理课--初中--教学参考资料
电子资源:
ISBN: 978-7-5106-4440-5
000 01131nam0 2200313 45
001 012001005150
005 20140101134224.0
010    @a978-7-5106-4440-5@dCNY268.00
100    @a20181129d2016 em y0chiy50 ea
101 0  @achi
102    @aCN@b110000
105    @aa z 000yy
106    @ar
200 1  @a知识典@9zhi shi dian@dKnowledge points book@e中学数理化智能学习宝典@f陈洪飞主编@zeng
210    @a北京@c现代教育出版社@d2016
215    @a349页@c图@d24cm
300    @a并列题名:Knowledge points book
300    @a其他题名:中学数理化智能学习宝典
330    @a本书包含1122个知识点,1122道经典例题,2244部讲解视频和50000道精准题库,基本涵盖了初中数理化的全部核心知识点。
510 1  @aKnowledge points book@zeng
517 1  @a中学数理化智能学习宝典@9zhong xue shu li hua zhi neng xue xi bao dian
606 0  @a中学数学课@x初中@j教学参考资料
606 0  @a中学化学课@x初中@j教学参考资料
606 0  @a中学物理课@x初中@j教学参考资料
690    @aG633.603@v5
690    @aG633.83@v5
701  0 @a陈洪飞@9chen hong fei@c(教育)@4主编
801  0 @aCN@b江苏凤凰@c20191020
905    @b1207516-7@dG633.603@e796@f2
    
    知识典=Knowledge points book:中学数理化智能学习宝典/陈洪飞主编.-北京:现代教育出版社,2016
    349页:图;24cm
    并列题名:Knowledge points book.-其他题名:中学数理化智能学习宝典
    
    ISBN 978-7-5106-4440-5:CNY268.00
    本书包含1122个知识点,1122道经典例题,2244部讲解视频和50000道精准题库,基本涵盖了初中数理化的全部核心知识点。
●
相关链接 在E读中查询图书 在五车中查询图书 在当当中查询图书 在豆瓣中查询图书


正题名:知识典     索取号:G633.603/796         预约/预借

序号 登录号 条形码 馆藏地/架位号 状态 备注
1 1207516   212075163   第一样本阅览室/ [索取号:G633.603/796] 在馆    
2 1207517   212075172   第四借阅区/ [索取号:G633.603/796] 在馆    
唐山师范学院图书馆 欢迎您!
大连网信软件有限公司© 版权所有